Statistiken für Zufällige Stadt zu zufälligem Land

Klicken Sie hier um das Quiz zu spielen!

Allgemein

  • Dieses Quiz wurde 510 mal gespielt
  • Das Durchschnittsergebnis liegt bei 8 aus 15

Antwortstatistiken

StadtLand% Korrekt
KabulAfghanistan
100%
KandaharAfghanistan
100%
TiranaAlbanien
100%
KorceAlbanien
100%
DurrësAlbanien
100%
Buenos AiresArgentinien
100%
BakuAserbaidschan
100%
PerthAustralien
100%
BrisbaneAustralien
100%
MelbourneAustralien
100%
AdelaideAustralien
100%
SydneyAustralien
100%
BelmopanBelize
100%
ThimphuBhutan
100%
ManausBrasilien
100%
São PauloBrasilien
100%
PlovdivBulgarien
100%
GuangzhouChina
100%
XianChina
100%
Hong KongChina
100%
ChengduChina
100%
BremenDeutschland
100%
FlensburgDeutschland
100%
BielefeldDeutschland
100%
DresdenDeutschland
100%
NürnbergDeutschland
100%
TurkuFinnland
100%
VantaaFinnland
100%
KouvolaFinnland
100%
MikkeliFinnland
100%
GrenobleFrankreich
100%
StrasbourgFrankreich
100%
ToulouseFrankreich
100%
MontpellierFrankreich
100%
AvignonFrankreich
100%
CannesFrankreich
100%
ChamonixFrankreich
100%
DijonFrankreich
100%
Le HavreFrankreich
100%
MarseilleFrankreich
100%
LyonFrankreich
100%
Clermont-FerrandFrankreich
100%
LilleFrankreich
100%
PiräusGriechenland
100%
PatrasGriechenland
100%
MumbaiIndien
100%
LucknowIndien
100%
DelhiIndien
100%
DenpasarIndonesien
100%
GenuaItalien
100%
VeronaItalien
100%
VenedigItalien
100%
FukuokaJapan
100%
Quebec CityKanada
100%
OttawaKanada
100%
Beaver CreekKanada
100%
EdmontonKanada
100%
NairobiKenia
100%
PristinaKosovo
100%
SplitKroatien
100%
VilniusLitauen
100%
AntananarivoMadagaskar
100%
VallettaMalta
100%
MaputoMosambik
100%
RotterdamNiederlande
100%
DelftNiederlande
100%
MaastrichtNiederlande
100%
Den HaagNiederlande
100%
LagosNigeria
100%
PjöngjangNordkorea
100%
GrazÖsterreich
100%
SalzburgÖsterreich
100%
Braunau am InnÖsterreich
100%
DiliOsttimor
100%
AsuncionParaguay
100%
BreslauPolen
100%
KrakauPolen
100%
PosenPolen
100%
StettinPolen
100%
PortoPortugal
100%
VolgogradRussland
100%
SamaraRussland
100%
UfaRussland
100%
JeddahSaudi Arabien
100%
MedinaSaudi Arabien
100%
MalmöSchweden
100%
GöteborgSchweden
100%
KöpingSchweden
100%
DakarSenegal
100%
LjubljanaSlowenien
100%
MogadishuSomalia
100%
MarbellaSpanien
100%
MurciaSpanien
100%
Palma de MallorcaSpanien
100%
BilbaoSpanien
100%
BarcelonaSpanien
100%
ColomboSri Lanka
100%
KapstadtSüdafrika
100%
TaipeiTaiwan
100%
BodrumTürkei
100%
IstanbulTürkei
100%
DonetskUkraine
100%
MontevideoUruguay
100%
CaracasVenezuela
100%
GlasgowVereinigtes Königreich
100%
BristolVereinigtes Königreich
100%
GibraltarVereinigtes Königreich
100%
PortsmouthVereinigtes Königreich
100%
NewcastleVereinigtes Königreich
100%
SouthamptonVereinigtes Königreich
100%
ClevelandVereinigte Staaten
100%
PittsburghVereinigte Staaten
100%
DetroitVereinigte Staaten
100%
AustinVereinigte Staaten
100%
MinneapolisVereinigte Staaten
100%
BuffaloVereinigte Staaten
100%
SacramentoVereinigte Staaten
100%
Palm SpringsVereinigte Staaten
100%
MinskWeißrussland
100%
NikosiaZypern
100%
ShanghaiChina
80%
PotsdamDeutschland
80%
AalborgDänemark
75%
CalaisFrankreich
75%
AcapulcoMexiko
75%
ÅlesundNorwegen
75%
LuzernSchweiz
75%
Las VegasVereinigte Staaten
75%
CincinnatiVereinigte Staaten
75%
Da NangVietnam
75%
Ho Chi Minh-StadtVietnam
75%
JerevanArmenien
67%
DarwinAustralien
67%
Banja LukaBosnien und Herzegowina
67%
Belo HorizonteBrasilien
67%
NizzaFrankreich
67%
NantesFrankreich
67%
ChennaiIndien
67%
BandungIndonesien
67%
TeheranIran
67%
NazarethIsrael
67%
CagliariItalien
67%
KanazawaJapan
67%
CasablancaMarokko
67%
TrondheimNorwegen
67%
TromsøNorwegen
67%
ApiaSamoa
67%
ValladolidSpanien
67%
JohannesburgSüdafrika
67%
PretoriaSüdafrika
67%
AleppoSyrien
67%
BelfastVereinigtes Königreich
67%
AnchorageVereinigte Staaten
67%
Nur-SultanKasachstan
60%
HuamboAngola
50%
WollongongAustralien
50%
GentBelgien
50%
RecifeBrasilien
50%
XianChina
50%
FredericiaDänemark
50%
TallinnEstland
50%
RennesFrankreich
50%
AccraGhana
50%
TegucigalpaHonduras
50%
IsafjördurIsland
50%
HaifaIsrael
50%
PalermoItalien
50%
OsakaJapan
50%
SaskatoonKanada
50%
VancouverKanada
50%
WinnipegKanada
50%
MontrealKanada
50%
MarrakeschMarokko
50%
JuárezMexiko
50%
ChisinauMoldawien
50%
ChristchurchNeuseeland
50%
UtrechtNiederlande
50%
AbujaNigeria
50%
SkopjeNordmazedonien
50%
DrammenNorwegen
50%
CebuPhilippinen
50%
DanzigPolen
50%
LodzPolen
50%
JekaterinburgRussland
50%
JonköpingSchweden
50%
MalagaSpanien
50%
N'DjamenaTschad
50%
AntalyaTürkei
50%
TurkmenabatTurkmenistan
50%
KharkivUkraine
50%
SzegedUngarn
50%
EdinburghVereinigtes Königreich
50%
AlbanyVereinigte Staaten
50%
AlbuquerqueVereinigte Staaten
50%
MilwaukeeVereinigte Staaten
50%
SeattleVereinigte Staaten
50%
HanoiVietnam
50%
QuitoEcuador
40%
Gold CoastAustralien
33%
SucreBolivien
33%
MostarBosnien und Herzegowina
33%
Puente AltoChile
33%
HefeiChina
33%
OdenseDänemark
33%
AngersFrankreich
33%
PuneIndien
33%
AhvazIran
33%
GalwayIrland
33%
Tel AvivIsrael
33%
BrindisiItalien
33%
PerugiaItalien
33%
BishkekKirgisistan
33%
CaliKolumbien
33%
BamakoMali
33%
AgadirMarokko
33%
CancunMexiko
33%
Ecatepec de MorelosMexiko
33%
PodgoricaMontenegro
33%
PokharaNepal
33%
BergenNorwegen
33%
AbottabadPakistan
33%
SmolenskRussland
33%
HelsingborgSchweden
33%
DebrecenUngarn
33%
MontpelierVereinigte Staaten
33%
HomelWeißrussland
33%
Abu SimbelÄgypten
25%
GizaÄgypten
25%
AssuanÄgypten
25%
ConakryGuinea
25%
ZagrebKroatien
25%
GuadalajaraMexiko
25%
HilversumNiederlande
25%
LublinPolen
25%
IrkutskRussland
25%
BloemfonteinSüdafrika
25%
BostonVereinigte Staaten
25%
Little RockVereinigte Staaten
25%
LimassolZypern
25%
UberlândiaBrasilien
17%
JalalabadAfghanistan
0%
HurghadaÄgypten
0%
LuxorÄgypten
0%
Port SaidÄgypten
0%
SuezÄgypten
0%
AlexandriaÄgypten
0%
VloraAlbanien
0%
OranAlgerien
0%
ConstantineAlgerien
0%
CabindaAngola
0%
LuandaAngola
0%
MendozaArgentinien
0%
GyumriArmenien
0%
GonderÄthiopien
0%
MekeleÄthiopien
0%
Dire DawaÄthiopien
0%
Alice SpringsAustralien
0%
CanberraAustralien
0%
DhakaBangladesch
0%
ChittagongBangladesch
0%
LiégeBelgien
0%
AntwerpenBelgien
0%
CharleroiBelgien
0%
La LouvièreBelgien
0%
CotonouBenin
0%
Porto NovoBenin
0%
GaboroneBotswana
0%
João PessoaBrasilien
0%
FortalezaBrasilien
0%
OuagadougouBurkina Faso
0%
CencepcionChile
0%
ValparaisoChile
0%
NanchangChina
0%
ÜrümqiChina
0%
HarbinChina
0%
WuhanChina
0%
JinanChina
0%
LhasaChina
0%
RandersDänemark
0%
KoldingDänemark
0%
BillundDänemark
0%
RoskildeDänemark
0%
VejleDänemark
0%
AarhusDänemark
0%
SilkeborgDänemark
0%
EsbjergDänemark
0%
HelsingørDänemark
0%
KielDeutschland
0%
KisanganiDR Kongo
0%
LubumbashiDR Kongo
0%
GuayaquilEcuador
0%
AbidjanElfenbeinküste
0%
HaapsaluEstland
0%
NarvaEstland
0%
PärnuEstland
0%
TartuEstland
0%
Kohtla-JärveEstland
0%
TampereFinnland
0%
JyväskyläFinnland
0%
EspooFinnland
0%
VaasaFinnland
0%
MariehamnFinnland
0%
KuopioFinnland
0%
RovaniemiFinnland
0%
OuluFinnland
0%
BiarritzFrankreich
0%
AjaccioFrankreich
0%
BanjulGambia
0%
KutaisiGeorgien
0%
ThessalonikiGriechenland
0%
LarissaGriechenland
0%
IraklioGriechenland
0%
BissauGuinea-Bissau
0%
San Pedro SulaHonduras
0%
BangaloreIndien
0%
AgraIndien
0%
JaipurIndien
0%
Banda AcehIndonesien
0%
SurabayaIndonesien
0%
BasraIrak
0%
MossoulIrak
0%
Abu GhuraibIrak
0%
BagdadIrak
0%
MaschhadIran
0%
GhomIran
0%
SchirasIran
0%
KermanIran
0%
IsfahanIran
0%
KaradschIran
0%
KilkennyIrland
0%
LimerickIrland
0%
CorkIrland
0%
AkureyriIsland
0%
KopavogurIsland
0%
HusavikIsland
0%
ImolaItalien
0%
BariItalien
0%
BresciaItalien
0%
TurinItalien
0%
SanremoItalien
0%
SyrakusItalien
0%
Montego BayJamaika
0%
KyotoJapan
0%
KobeJapan
0%
WakayamaJapan
0%
ChibaJapan
0%
SapporoJapan
0%
NagoyaJapan
0%
MatsuyamaJapan
0%
NikkoJapan
0%
BeppoJapan
0%
AkitaJapan
0%
NaraJapan
0%
AdenJemen
0%
Sana'aJemen
0%
AkabaJordanien
0%
JaundeKamerun
0%
YellowknifeKanada
0%
ReginaKanada
0%
TorontoKanada
0%
AlmatyKasachstan
0%
MombasaKenia
0%
MedellinKolumbien
0%
GuantanamoKuba
0%
VientianeLaos
0%
DaugavpilsLettland
0%
BeirutLibanon
0%
BengasiLibyen
0%
EschenLiechtenstein
0%
KlaipedaLitauen
0%
KaunasLitauen
0%
Esch-sur-AlzetteLuxemburg
0%
TimbuktuMali
0%
MostaMalta
0%
FésMarokko
0%
TangierMarokko
0%
TijuanaMexiko
0%
Ciudad de JuarezMexiko
0%
PueblaMexiko
0%
MonterreyMexiko
0%
SorocaMoldawien
0%
WindhoekNamibia
0%
WellingtonNeuseeland
0%
AucklandNeuseeland
0%
DunedinNeuseeland
0%
LeeuwardenNiederlande
0%
GroeningenNiederlande
0%
EindhovenNiederlande
0%
WillemstadNiederlande
0%
BredaNiederlande
0%
HaarlemNiederlande
0%
Port HarcourtNigeria
0%
OyoNigeria
0%
KanoNigeria
0%
IbadanNigeria
0%
WonsanNordkorea
0%
HammerfestNorwegen
0%
StavangerNorwegen
0%
LinzÖsterreich
0%
KlagenfurtÖsterreich
0%
QuettaPakistan
0%
KarachiPakistan
0%
LimaPeru
0%
CuscoPeru
0%
ArequipaPeru
0%
Davao CityPhilippinen
0%
ManilaPhilippinen
0%
Quezon cityPhilippinen
0%
BiałystokPolen
0%
GdyniaPolen
0%
BialystokPolen
0%
CoimbraPortugal
0%
CorvoPortugal
0%
Cluj-NapocaRumänien
0%
IaşiRumänien
0%
BukarestRumänien
0%
GroznyRussland
0%
WladiwostokRussland
0%
St.PetersburgRussland
0%
VladivostokRussland
0%
MurmanskRussland
0%
Nischni NowgorodRussland
0%
Rostov am DonRussland
0%
PermRussland
0%
WyborgRussland
0%
NowossibirskRussland
0%
OmskRussland
0%
WyborgRussland
0%
HoniaraSalomonen
0%
Borgo MaggioreSan Marino
0%
RiadSaudi Arabien
0%
VästeråsSchweden
0%
VisbySchweden
0%
UppsalaSchweden
0%
ÅmålSchweden
0%
KirunaSchweden
0%
ÖrebroSchweden
0%
LinköpingSchweden
0%
NorrköpingSchweden
0%
GeneveSchweiz
0%
DavosSchweiz
0%
LausanneSchweiz
0%
BaselSchweiz
0%
BelgradSerbien
0%
Novi SadSerbien
0%
Banska BystricaSlowakei
0%
PopradSlowakei
0%
HargeisaSomalia
0%
Jerez de la FronteraSpanien
0%
MurciaSpanien
0%
SowetoSüdafrika
0%
DurbanSüdafrika
0%
OmdurmanSudan
0%
IncheonSüdkorea
0%
BusanSüdkorea
0%
ParamariboSuriname
0%
Ar-RaqqaSyrien
0%
HengchungTaiwan
0%
MwanzaTansania
0%
DaressalamTansania
0%
DodomaTansania
0%
OstravaTschechien
0%
Karlovy VaryTschechien
0%
BrünnTschechien
0%
HammametTunesien
0%
SousseTunesien
0%
SfaxTunesien
0%
DjerbaTunesien
0%
BatmanTürkei
0%
VanTürkei
0%
IzmirTürkei
0%
LwiwUkraine
0%
SewastopolUkraine
0%
DniproUkraine
0%
PécsUngarn
0%
KecskemetUngarn
0%
GyörUngarn
0%
MaturinVenezuela
0%
MaracayVenezuela
0%
MaracaiboVenezuela
0%
Al-AinVereinigte Arabische Emirate
0%
SwanseaVereinigtes Königreich
0%
NottinghamVereinigtes Königreich
0%
CardiffVereinigtes Königreich
0%
YorkVereinigtes Königreich
0%
AberdeenVereinigtes Königreich
0%
DerryVereinigtes Königreich
0%
JuneauVereinigte Staaten
0%
Baton RougeVereinigte Staaten
0%
WichitaVereinigte Staaten
0%
WacoVereinigte Staaten
0%
MiamiVereinigte Staaten
0%
Grand RapidsVereinigte Staaten
0%
GalvestonVereinigte Staaten
0%
FayettevilleVereinigte Staaten
0%
PhoenixVereinigte Staaten
0%
SpokaneVereinigte Staaten
0%
NewarkVereinigte Staaten
0%
HrodnaWeißrussland
0%
BanguiZentralafrikanische Republik
0%

Verteilung der Resultate

Perzentil nach korrekt beantworteten Fragen

Anzahl Personen mit jedem Resultat

Ihre Resultats-Entwicklung

Sie haben dieses Quiz noch nicht gespielt